[Event "Titled Tuesday intern op 21st Jan Late"]
[Site "Chess.com INT"]
[Date "2025.01.21"]
[Round "8"]
[White "Wang, Daniel"]
[Black "Perestjuk, Marko"]
[Result "1-0"]
[WhiteElo "2000"]
[BlackElo "2166"]
[PlyCount "101"]
[EventDate "2025.01.21"]
[EventType "swiss (blitz)"]
[EventRounds "11"]
[EventCountry "USA"]
[SourceTitle "CB05_2025"]
[SourceDate "2025.01.29"]
[SourceVersion "1"]
[SourceVersionDate "2025.01.29"]
[SourceQuality "1"]

1. e4 c6 2. Nc3 d6 3. d4 Nd7 4. Nf3 Ngf6 5. e5 Nd5 6. Nxd5 cxd5 7. exd6 exd6 8. Bd3 Be7 9. 0-0 Nf6 10. Re1 0-0 11. Bg5 Bg4 12. h3 Bh5 13. Be2 Re8 14. Qd3 Bg6 15. Qb3 Qa5 16. Bd3 Ne4 17. Bxe7 Rxe7 18. Rad1 Rae8 19. Bb5 Rc8 20. c3 a6 21. Bd3 Rce8 22. Qc2 h6 23. a3 Bh5 24. g4 Bg6 25. Nh4 Bh7 26. f3 Ng5 27. Bxh7+ Nxh7 28. Rxe7 Rxe7 29. Nf5 Re6 30. Qd2 Qd8 31. Re1 Qg5 32. Qd1 Qf4 33. Kg2 Ng5 34. Ne7+ Kf8 35. Rxe6 Nxe6 36. Nxd5 Qg5 37. c4 h5 38. Qd3 hxg4 39. hxg4 Qc1 40. b4 Qb2+ 41. Kg3 Qxd4 42. Qxd4 Nxd4 43. Kf4 Nc2 44. a4 Ke8 45. b5 axb5 46. axb5 Kd7 47. Ke4 Ne1 48. Ne3 f6 49. f4 Ke6 50. f5+ Kd7 51. Nd5 1-0

[Event "Titled Tuesday intern op 21st Jan Late"]
[Site "Chess.com INT"]
[Date "2025.01.21"]
[Round "1"]
[White "Wang, Daniel"]
[Black "Sriniaiyer, Sudarshan"]
[Result "0-1"]
[WhiteElo "2000"]
[BlackElo "2182"]
[PlyCount "96"]
[EventDate "2025.01.21"]
[EventType "swiss (blitz)"]
[EventRounds "11"]
[EventCountry "USA"]
[SourceTitle "CB05_2025"]
[SourceDate "2025.01.29"]
[SourceVersion "1"]
[SourceVersionDate "2025.01.29"]
[SourceQuality "1"]

1. e4 c5 2. Nf3 Nc6 3. d4 cxd4 4. Nxd4 e5 5. Nb5 d6 6. N1c3 a6 7. Na3 Be6 8. Be3 Rb8 9. Nd5 b5 10. c4 b4 11. Nc2 Nf6 12. Bd3 Ng4 13. b3 Nxe3 14. Ncxe3 g6 15. 0-0 h5 16. Rc1 Bh6 17. c5 dxc5 18. Rxc5 Nd4 19. Nc7+ Kf8 20. Nxa6 Rb6 21. Nd5 Rd6 22. Naxb4 Kg7 23. a4 Qg5 24. Ne3 Bxb3 25. Bc2 Bxc2 26. Nbxc2 Rhd8 27. Rd5 Rxd5 28. Nxd5 Ne6 29. Nce3 Nc5 30. Qc2 Ne6 31. a5 Nd4 32. Qb1 Nf3+ 33. Kh1 Nd2 34. Qd1 Nxf1 35. Qxf1 Qh4 36. f3 Bf4 37. Nxf4 Qxf4 38. Nd5 Qd2 39. Qa1 Rc8 40. Qxe5+ Kh6 41. h3 Qxa5 42. Kh2 Qd2 43. Qf6 Qg5 44. Qxf7 Qe5+ 45. f4 Qxe4 46. Nf6 Qxf4+ 47. g3 Rc2+ 48. Kg1 Qc1# 0-1

[Event "Sydney-ch"]
[Site "Sydney"]
[Date "2024.07.09"]
[Round "7"]
[White "Wang, Daniel"]
[Black "Nguyen, Anh Quan"]
[Result "1/2-1/2"]
[WhiteElo "1853"]
[BlackElo "1971"]
[PlyCount "79"]
[EventDate "2024.07.06"]
[EventType "swiss"]
[EventRounds "9"]
[EventCountry "AUS"]
[SourceTitle "CBM 221 Extra"]
[Source "ChessBase"]
[SourceDate "2024.09.30"]
[SourceVersion "1"]
[SourceVersionDate "2024.09.30"]
[SourceQuality "1"]

1. e4 c5 2. Nf3 e6 3. d4 cxd4 4. Nxd4 Nc6 5. c4 Nf6 6. Nc3 Bb4 7. Nxc6 bxc6 8. Bd3 e5 9. 0-0 0-0 10. Bg5 h6 11. Bh4 d6 12. h3 Be6 13. a3 Bc5 14. Rb1 g5 15. Bg3 Kg7 16. b4 Bb6 17. a4 a5 18. b5 Bd4 19. Ne2 Bc5 20. Nc3 Qc8 21. Kh2 Rb8 22. Rc1 Ng8 23. Qe2 Ne7 24. Nd1 f6 25. Ne3 h5 26. h4 Kg6 27. Rb1 Qd7 28. Rb2 Rb6 29. Rbb1 Rbb8 30. bxc6 Nxc6 31. Nd5 Nd4 32. Qd2 g4 33. Nxf6 Kxf6 34. Qh6+ Ke7 35. Qg7+ Bf7 36. Qg5+ Ke6 37. Qh6+ Ke7 38. Qg5+ Ke6 39. Qh6+ Ke7 40. Qg7 1/2-1/2